000 00495nam a22001817a 4500
005 20240816133652.0
008 240808b |||||||| |||| 00| 0 eng d
020 _a978-93-86896-98-8
041 _aEnglish
082 _aSO 301 SAX DB1291
100 _aSaxena R.P.
110 _aKaur Ravinder
_9208276
245 _aApplied Sociology and Psychology for B.Sc. Nursing Students
260 _aJalandhar, Punjab
_bLotus Publishers
_c2023
300 _a422p
365 _b470.00
942 _cDB
999 _c359373
_d359373